Handbook of conservation biology
Saved in:
| 主要作者: | |
|---|---|
| 格式: | 图书 |
| 语言: | 英语 |
| 出版: |
Discovery Publishing House
|
| 标签: |
添加标签
没有标签, 成为第一个标记此记录!
|
MARC
| LEADER | 00000nam a22000007a 4500 | ||
|---|---|---|---|
| 008 | 210525b ||||| |||| 00| 0 eng d | ||
| 020 | |a ISBN: 978- 93-5056-003-7 | ||
| 100 | |a PRASAD, Govind | ||
| 245 | |a Handbook of conservation biology |c Govind Prasad. | ||
| 260 | |b Discovery Publishing House |h New Delhi |i 683753 – Ref. |l QH75 .P88 |m Conservation biology |m Title. | ||
| 500 | |a “It includes index”. | ||
| 942 | |a lcc |c BK |e j o ifatola |f 25/ 05/ 2021 | ||
| 952 | |0 0 |1 0 |2 lcc |4 0 |6 QH0075 P88 |7 0 |9 2426 |a HOL |b HOL |d 2021-05-25 |l 0 |o QH75 .P88 |p 2021-6277 |r 2021-05-25 00:00:00 |w 2021-05-25 |y BK | ||
| 999 | |c 1264 |d 1264 | ||